Fyzické útoky na peňažné automaty: Typológia a trendy

Skúmanie rastúcieho problému fyzických útokov na bankomaty, definujovanie bezpečnostných prvkov týchto zariadení, klasifikovanie typológie útokov a vyhodnocovanie štatistických trendov pre Európsku úniu a Slovensko s využitím verejne dostupných správ.

Salvato in:
Dettagli Bibliografici
Autore principale: Lencsés, Lukáš
Altri autori: Figuli, Lucia
Natura: Capitolo di libro
Lingua:slovacco
Soggetti:
Tags: Aggiungi Tag
Nessun Tag, puoi essere il primo ad aggiungerne!!

MARC

LEADER 00000naa a2200000 4500
001 0314951
005 20260212105628.6
041 0 |a slo 
044 |a SK 
245 1 0 |a Fyzické útoky na peňažné automaty: Typológia a trendy  |c Lukáš Lencsés, Lucia Figuli 
520 |a Skúmanie rastúcieho problému fyzických útokov na bankomaty, definujovanie bezpečnostných prvkov týchto zariadení, klasifikovanie typológie útokov a vyhodnocovanie štatistických trendov pre Európsku úniu a Slovensko s využitím verejne dostupných správ. 
610 2 0 |a bankomaty 
610 2 0 |a krádeže 
610 2 0 |a typológia 
610 2 0 |a vývoj 
610 2 0 |a bezpečnosť 
100 1 |a Lencsés, Lukáš 
700 1 |a Figuli, Lucia